Organizational Culture and Leadership

Saved in:
Bibliographic Details
Main Author: Schein, Edgar H.
Format: Book
Language:English
Published: San Francisco Jossey-Bass Publ. 1992
Edition:2. ed.
Subjects:
Tags: Add Tag
No Tags, Be the first to tag this record!

MARC

LEADER 00000nam a2200000 4500
001 c014359
005 20221206084824.5
020 |a 1-55542-487-2 
041 0 |a eng 
044 |a US 
245 1 0 |a Organizational Culture and Leadership  |c Edgar H. Schein 
250 |a 2. ed. 
264 1 |a San Francisco  |b Jossey-Bass Publ.  |c 1992 
300 |a 418 s. 
610 2 0 |a vedenie 
610 2 0 |a kultúra 
610 2 0 |a kultúra práce 
610 2 0 |a kultúra podniková 
100 1 |a Schein, Edgar H.